Documentos referentes a las relaciones con Portugal durante el reinado de los Reyes Catolicos /

Bibliographic Details
Corporate Author: Spain. Sovereigns(1479-1504 :Ferdinand V and Isabella I)
Other Authors: Torre y del Cerro, Antonio de la, 1878-1966, Suárez Fernández, Luis
Format: Book
Language:Spanish
Published: Valladolid : [Consejo Superior de Investigaciones Cientificas, Patronato Menendez Pelayo] : 1958-63. [date of publication not identified]
Series:Biblioteca "Reyes Catolicos." Documentos y textos ; no. 7-8.
Biblioteca "Reyes Catolicos." Documentos y textos ; no. 10.
Subjects:

MARC

Tag First Indicator Second Indicator Subfields
LEADER 00000cam a2200000 4500
001 in00000053828
005 20151008050904.0
008 750411m19581963sp 00000 spa u
010 |a  62068168  
035 |a (OCoLC)01269671 
035 |9 AAG4066AM 
040 |c UCW  |d TXA  |d UtOrBLW 
049 |a TXAM  |v 1 [451451]  |v 2 [451452]  |v 3 [451453] 
050 0 |a DP86.P8  |b A54 
092 |a 327.46  |b S733do 
110 1 |a Spain.  |b Sovereigns(1479-1504 :Ferdinand V and Isabella I) 
245 1 0 |a Documentos referentes a las relaciones con Portugal durante el reinado de los Reyes Catolicos /  |c Edicion preparada y anotada por Antonio de la Torre y Luis Suarez Fernandez. 
264 1 |a Valladolid :  |b [Consejo Superior de Investigaciones Cientificas, Patronato Menendez Pelayo] :  |b 1958-63.  |c [date of publication not identified] 
300 |a 3 volumes :  |b 25 cm. 
336 |a text  |b txt  |2 rdacontent 
337 |a unmediated  |b n  |2 rdamedia 
338 |a volume  |b nc  |2 rdacarrier 
490 1 |a Biblioteca "Reyes Catolicos." Documentos y textos. no.7, 8, 10 
651 0 |a Spain  |x Foreign relations  |z Portugal. 
651 0 |a Portugal  |x Foreign relations  |z Spain. 
651 0 |a Spain  |x History  |y Ferdinand and Isabella, 1479-1516  |x Sources. 
700 1 |a Torre y del Cerro, Antonio de la,  |d 1878-1966. 
700 1 |a Suárez Fernández, Luis. 
830 0 |a Biblioteca "Reyes Catolicos."  |p Documentos y textos ;  |v no. 7-8. 
830 0 |a Biblioteca "Reyes Catolicos."  |p Documentos y textos ;  |v no. 10. 
999 |a MARS 
999 f f |s ea059262-6b9e-3b95-8f76-61cf4666e23e  |i a6e1e363-04fd-30a9-8dbd-be4f76bd350d  |t 0 
952 f f |p ric  |a Texas A&M University  |b Rellis Campus  |c Joint Library Facility  |d Remote Storage  |t 0  |e DP86.P8 A54  |h Library of Congress classification  |i unmediated -- volume  |k v.2  |m A14800675412 
952 f f |p ric  |a Texas A&M University  |b Rellis Campus  |c Joint Library Facility  |d Remote Storage  |t 0  |e DP86.P8 A54  |h Library of Congress classification  |i unmediated -- volume  |k v.3  |m A14800675420 
952 f f |p ric  |a Texas A&M University  |b Rellis Campus  |c Joint Library Facility  |d Remote Storage  |t 0  |e DP86.P8 A54  |h Library of Congress classification  |i unmediated -- volume  |k v.1  |m A14800675404 
998 f f |a DP86.P8 A54  |s v.1-v.3  |t 0  |l Remote Storage